ALL OF C (Record no. 216930)

MARC details
000 -LEADER
fixed length control field 00460nam a22001697a 4500
008 - FIXED-LENGTH DATA ELEMENTS--GENERAL INFORMATION
fixed length control field 260409b |||||||| |||| 00| 0 eng d
020 ## - INTERNATIONAL STANDARD BOOK NUMBER
International Standard Book Number 978-81-203-3520-2
050 ## - LIBRARY OF CONGRESS CALL NUMBER
Classification number QA 76.73 .C15 G46 2009
100 ## - MAIN ENTRY--PERSONAL NAME
Personal name GHOSH, SMARAJIT
245 ## - TITLE STATEMENT
Title ALL OF C
260 ## - PUBLICATION, DISTRIBUTION, ETC.
Place of publication, distribution, etc. DELHI,
Name of publisher, distributor, etc. PHI LEARNING PRIVATE LIMITED
Date of publication, distribution, etc. 2009.
300 ## - PHYSICAL DESCRIPTION
Extent xiii, 478 P , ILL
500 ## - GENERAL NOTE
General note INCLUDES INDEX
650 ## - SUBJECT ADDED ENTRY
Topical term or geographic name entry element COMPUTER PROGRAM LANGUAGE
942 ## - ADDED ENTRY ELEMENTS (KOHA)
Source of classification or shelving scheme Library of Congress Classification
Koha item type Long Loan Book
Holdings
Withdrawn status Lost status Source of classification or shelving scheme Damaged status Not for loan Collection Home library Current library Shelving location Date acquired Inventory number Total checkouts Full call number Barcode Date last seen Copy number Price effective from Koha item type Date last checked out
    Library of Congress Classification     Science & Technology Kisii University Library Kisii University Library On Display 04/09/2026 112723   QA 76.73 .C15 G46 2009 a001228 04/09/2026 1 04/09/2026 Long Loan Book  
    Library of Congress Classification     Science & Technology Kisii University Library Kisii University Library On Display 04/09/2026 112724   QA 76.73 .C15 G46 2009 a001220 04/09/2026 2 04/09/2026 Long Loan Book  
    Library of Congress Classification     Science & Technology Kisii University Library Kisii University Library On Display 04/09/2026 112725   QA 76.73 .C15 G46 2009 a001233 04/09/2026 3 04/09/2026 Long Loan Book  
    Library of Congress Classification     Science & Technology Kisii University Library Kisii University Library On Display 04/09/2026 112726 1 QA 76.73 .C15 G46 2009 a001226 04/20/2026 4 04/09/2026 Long Loan Book 04/16/2026